Statistics for Guess the meaning of Chinese characters

Click here to take the quiz!

General Stats

  • This quiz has been taken 349 times
  • The average score is 6 of 10

Answer Stats

QuestionAnswer% Correct
木 means wood; 森林 meansforest
87%
一 means one, 二 means two, 三 means three; 十 meansten
83%
女 means daughter, 子 means son; 好 meansgood
75%
田 means field, 力 means force; 男 meansmen
61%
人 means person; 囚 meansprisoner / imprison
58%
日 means sun, 月 means moon; 明 meansbright
56%
人 means person, 木 means wood/tree; 休 meansrest
56%
人 means person, 言 means say/speech; 信 meanstrust
37%
木 means wood, 火 means fire; 焚 meansburn
34%
小 means small, 大 means big; 尖 meanssharp
29%

Score Distribution

Percentile by Number Answered

Percent of People with Each Score

Your Score History

You have not taken this quiz